00971cam a2200253 i 450000100040000000500170000402000180002102000180003902000150005704000400007205000260011208200110013810000550014924500520020426000170025630000450027350500060031852002690032452100180059352100180061165000280062965000380065765000220069546920251204162943.0 a9784871876964 a9780394800028 a4871876969 aEYPbengcEYPdOCLCOdDLCerdadDLC00aPZ8.3.G276bCatv 1986 a813.541 aGeisel, Theodor SeusscDr.,eauthor,eillustrator.14aThe Cat in the Hat comes back! /cby Dr. Seuss. bRandom House a61 pages :bcolor illustrations ;c23 cm aF aThe Cat in the Hat returns for more out-of-control fun. It's a snowy day and Dick and Sally are stuck shoveling until the Cat in the Hat arrives to liven things up. Featuring the Cat's helpers Little Cat A, Little Cat B, and so on, and ending with a gigantic Voom. a450 bLexile aF bRaz-Plus 0aCatsvJuvenile fiction. 0aAlphabet booksvJuvenile fiction. 0aStories in rhyme.